In the foot steps of Jesus / (Record no. 24439)
[ view plain ]
| 000 -LEADER | |
|---|---|
| fixed length control field | 00791nam a22002415a 4500 |
| 005 - DATE AND TIME OF LATEST TRANSACTION | |
| control field | 20170315154713.0 |
| 008 - FIXED-LENGTH DATA ELEMENTS--GENERAL INFORMATION | |
| fixed length control field | 170315s2016 ua a gr 000 0 eng d |
| 020 ## - INTERNATIONAL STANDARD BOOK NUMBER | |
| International Standard Book Number | 9789773342210 |
| 040 ## - CATALOGING SOURCE | |
| Original cataloging agency | EG-ScBUE |
| Language of cataloging | eng |
| Transcribing agency | EG-ScBUE |
| 082 04 - DEWEY DECIMAL CLASSIFICATION NUMBER | |
| Classification number | 232.9 |
| Item number | WAK |
| Edition number | 22 |
| 100 1# - MAIN ENTRY--PERSONAL NAME | |
| Personal name | Wakileh, Sami. |
| 245 10 - TITLE STATEMENT | |
| Title | In the foot steps of Jesus / |
| Statement of responsibility, etc | prepared and photographed by Sami Wakileh ; forward by Ermia. |
| 250 ## - EDITION STATEMENT | |
| Edition statement | 1st ed. |
| 260 ## - PUBLICATION, DISTRIBUTION, ETC. (IMPRINT) | |
| Place of publication, distribution, etc | Cairo : |
| Name of publisher, distributor, etc | The Coptic Orthodox Cultural Center, |
| Date of publication, distribution, etc | 2016. |
| 300 ## - PHYSICAL DESCRIPTION | |
| Extent | 147 p. : |
| Other physical details | ill. (col.) ; |
| Dimensions | 28 cm. |
| 541 ## - IMMEDIATE SOURCE OF ACQUISITION NOTE | |
| Source of acquisition | Donation from The Coptic Orthodox Cultural Center. |
| 600 1# - SUBJECT ADDED ENTRY--PERSONAL NAME | |
| Personal name | Jesus Christ. |
| 650 #7 - SUBJECT ADDED ENTRY--TOPICAL TERM | |
| Topical term or geographic name as entry element | Natures of Jesus Christ. |
| Source of heading or term | BUEsh |
| 651 ## - SUBJECT ADDED ENTRY--GEOGRAPHIC NAME | |
| Source of heading or term | BUEsh |
| 653 ## - INDEX TERM--UNCONTROLLED | |
| Resource For college | Generalities |
| Arrived date list | March2017 |
| 700 0# - ADDED ENTRY--PERSONAL NAME | |
| Personal name | Ermia, |
| Relator term | author of introduction, etc. |
| 942 ## - ADDED ENTRY ELEMENTS (KOHA) | |
| Source of classification or shelving scheme | Dewey Decimal Classification |
| Withdrawn status | Item status | Source of classification or shelving scheme | Damaged status | Not for loan | Home library | Current library | Shelving location | Date acquired | Source of acquisition | Total Checkouts | Full call number | Barcode | Date last seen | Koha item type |
|---|---|---|---|---|---|---|---|---|---|---|---|---|---|---|
| Dewey Decimal Classification | Central Library | Central Library | Ground Floor | 15/03/2017 | Donation | 232.9 WAK | 000041378 | 15/07/2025 | Book - Borrowing | |||||
| Dewey Decimal Classification | Central Library | Central Library | Ground Floor | 15/03/2017 | Donation | 232.9 WAK | 000041379 | 15/07/2025 | Book - Borrowing |